000 00400cam a2200157ua 4500
041 _aeng
_h
082 _a636
_bMIL/PR
100 _aMiller, William C .
245 _aPractical animal husbandry /
_cWilliam C Miller.
_hTextual Documents
260 _aLondon :
_bOliver and boyd ,
_c1952.
300 _a607 ; .
504 _a
700 1 _aRobertson, E D S .
942 _cBK
999 _c3488
_d3488